000 00322 a2200157 4500
001 67205
020 _a9788575313541
040 _cAnchieta - Pituba
100 _aMachado, Nílson José
240 1 0 _aEducação
_lpor
245 1 0 _aEducação
300 _a143
362 0 _a2009
650 4 _aEducação
942 _cBK
999 _c67205
_d67205